Регионална библиотека "Любен Каравелов" - Русе

Суровоядство (Запис номер 143219)

MARC детайли
000 -Лидер
Контролно поле с фиксирана дължина 02252nam a2200457 c 4500
003 - Код на организацията, давaща контролен номер
Контролно поле BLK
005 - Дата и час на последна редакция
Контролно поле 20180422112446.0
008 - Елементи от данни с фиксирана дължина
fixed length control field 180409b bul|||||r ||||||| ||bul||
010 ## - Наследен системен номер
LC control number KNG00149335000
020 ## - Международен стандартен номер на книга ISBN
Международен стандартен номер на книга ISBN 978-954-792-402-4
-- издат.: СКОРПИО
040 ## - Източник на каталожния запис
Идентификатор на билиотеката - собственик на записа BLK
041 ## - Код за език
Код за езика на текст/звукозапис или на отделно заглавие Български
Код за езика КДБФ Български
072 #7 - Код за тематичната категория
Код организация bullib
Код за тематична категория Н61
Текст Медицина Н
072 #7 - Код за тематичната категория
Код организация bullib
Код за тематична категория Л04
Текст Лечебно хранене
080 ## - УДК
Текстов определител УДК Хигиена на храненето с продукти от растителен и минерален произход - Вегетарианство;плодове, зеленчуци, корени, растителни масла, консерви и др.
УДК код - определител по УДК 613.26/.27
УДК определител (02.062)
УДК - код + определител 613.26/.27(02.062)
080 ## - УДК
Текстов определител УДК Вегетарианска храна
УДК код - определител по УДК 641.564
УДК определител (083.1)
УДК - код + определител 641.564(083.1)
100 1# - Редна дума - Автор
Автор Смолянски, Борис Леонидович
Авторска отговорност първи автор
R(LIN) 121795
139 ## - Редно поле
Редна дума Смолянски, Борис Леонидович
Авторски знак Сми - С 47
245 10 - Сведения за заглавието
Заглавие Суровоядство
Редно поле (дума) Борис Леонидович Смолянски; прев. от рус. Цветанка Накова.
257 ## - Страна на издаване
Страна на създаване/издаване Русия
260 ## - Област на издателските данни
-- София
Име на издателя, разпространителя и проч. СКОРПИО
Година на издаване 2011
Печатница София : Инвестпрес
300 ## - Физическа характеристика
Страници 96 с.
Илюстрации и др. с табл.
Размери/Мащаб 21 см
380 ## - Жанр
Жанр Медицина
490 1# - СЕРИИ (Колекции)
Име на серия Поредица Здраве, дълголетие, естествено оздравяване
500 ## - Общи забележки
Забележка Ориг. загл.: Питание сырой пищей - сыроедение / Борис Смолянский.
650 #4 - Допълнително описание по предмет – тема
Основно описание – тема или топоним Хранене - наръчници и ръководства
9 (RLIN) 259293
650 #4 - Допълнително описание по предмет – тема
Основно описание – тема или топоним Вегетарианство - наръчници и ръководства
9 (RLIN) 261409
650 #4 - Допълнително описание по предмет – тема
Основно описание – тема или топоним Вегетариански ястия - рецепти
9 (RLIN) 150452
653 ## - Ключова дума – ненормативна
Ключова дума суровоядство
653 ## - Ключова дума – ненормативна
Ключова дума вегетарианство
653 ## - Ключова дума – ненормативна
Ключова дума готварски рецепти
653 ## - Ключова дума – ненормативна
Ключова дума хигиена на храненето
659 ## - Тематичен бюлетин
Тематичен бюлетин Л
659 ## - Тематичен бюлетин
Тематичен бюлетин Н
700 1# - Други автори (авторска отговорност)
Лично име Накова, Цветанка
Автороска отговорност (Описва отношението между автора и произведението) прев. от рус.
9 (RLIN) 371074
852 ## - Местоположение
Форматна сигнатура Цб 264219
856 4# - Електронен адрес и достъп
Електронен формат pdf - файл
Път до файла /url/
856 4# - Електронен адрес и достъп
Електронен формат pdf - файл
Път до файла /url/
942 ## - АРТИКУЛИ
Вид на библиотечния материал Книги
Скрит в OPAC Не
944 ## - СЪЗДАВАНЕ И РЕДАКЦИЯ на ЗАПИСА
Създаване/Редакция Създаване
Дата на регистрацията/редакция 16.08.2013
Служител, извършил регистрацията/редакцията Геновева_Генчева
944 ## - СЪЗДАВАНЕ И РЕДАКЦИЯ на ЗАПИСА
Създаване/Редакция Редакция
Дата на регистрацията/редакция 09.01.2014
Служител, извършил регистрацията/редакцията
999 ## - СИСТЕМНИ КОНТРОЛНИ НОМЕРА
Koha biblionumber 143219
Koha biblioitemnumber 143219
Наличности
Код за отписване Код за изгубен артикул Код за повреда Коз за рестрикции Код за отдаване Артикулен № Име на библиотеката - собственик Име на библиотеката, в която се намира в момента Статус (Текущо местоположение) Дата на вписване в системата Местоположение - отдел Цена в лева Инвентарен номер Систематично азбучна сигнатура Баркод Номер на екземпляра Цена в евро Служебна бележка Служебен тип на артикула
  Не е изгубен Не е повреден без рестрикции ползва се в читалня 237652 Регионална библиотека "Любен Каравелов" Русе Регионална библиотека "Любен Каравелов" Русе Хранилище 2013-08-08 Хранилище 4.99 120000768816 Цб 264219 120000768816 1 2.55 Дост: Dp Вид: Д N: 18 Дата: 02.05.2012 Книги
Vip Innovations Ltd, Rousse, Bulgaria 2025